Country Quiz - left or right side of road - Statistics

General Stats
  • This quiz has been taken 95 times
  • The average score is 17 of 25
Answer Stats
Question Answer % Correct
Belgium Right
89%
France Right
89%
Algeria Right
84%
Brazil Right
84%
Egypt Right
84%
Iraq Right
84%
Australia Left
79%
Japan Left
79%
Haiti Right
79%
Fiji Left
74%
Madagascar Right
74%
Mexico Right
74%
Portugal Right
74%
Spain Right
74%
Venezuela Right
74%
Yemen Right
74%
Singapore Left
58%
Aruba Right
58%
Jamaica Left
53%
St. Kitts Left
47%
Anguilla Left
42%
Jersey Left
42%
Bermuda Left
37%
Falkland Islands Left
26%
St. Helena Left
26%
No matching quizzes found
Score Distribution
Percent of People with Each Score
Percentile by Number Answered
Your Score History
You have not taken this quiz